Exploring world regions : Eastern Hemisphere : teacher's guide /

Bibliographic Details
Main Author: Lee, Susan Dye
Format: Book
Language:English
Published: Chicago : Follet Pub. Co., [1975]
Edition:Century ed.
Subjects:

MARC

Tag First Indicator Second Indicator Subfields
LEADER 00000cam a2200000 i 4500
001 in00000042305
005 20151007072638.0
008 800606s1975 iluab j b 00110 eng d
020 |a 069527466X 
035 |a (OCoLC)06395035 
035 |9 AAE8291AM 
040 |a TXA  |c TXA  |d UtOrBLW 
043 |a e------  |a f------  |a a------ 
049 |a [Curr Col] TXAM  |c [1558763] 
090 |a H95  |b .E97 1975a 
100 1 |a Lee, Susan Dye. 
245 1 0 |a Exploring world regions : Eastern Hemisphere : teacher's guide /  |c Susan Dye Lee. 
250 |a Century ed. 
264 1 |a Chicago :  |b Follet Pub. Co.,  |c [1975] 
264 4 |c ©1975 
300 |a TG84, 480 pages :  |b color illustrations, color maps ;  |c 26 cm. 
336 |a text  |b txt  |2 rdacontent 
337 |a unmediated  |b n  |2 rdamedia 
338 |a volume  |b nc  |2 rdacarrier 
500 |a On cover: Teacher's edition. 
500 |a Gr. 6-7. 
500 |a To accompany student textbook Exploring world regions: Eastern Hemisphere, by Ralph Sandlin Yohe [and others] 
504 |a Includes bibliographies and index. 
650 0 |a Social sciences  |v Juvenile literature. 
651 0 |a Eastern Hemisphere  |x History  |x Juvenile literature. 
999 |a MARS 
999 f f |s 67278040-2df0-37b2-ac57-595efb6159b3  |i e0ed5dfa-df59-3b86-9faa-35b980242acd  |t 0 
952 f f |p ric  |a Texas A&M University  |b Rellis Campus  |c Joint Library Facility  |d Remote Storage  |t 0  |e H95 .E97 1975a  |h Library of Congress classification  |i unmediated -- volume  |m A14800215872 
998 f f |a H95 .E97 1975a  |t 0  |l Remote Storage